| 000 | 00432nam a2200181Ia 4500 | ||
|---|---|---|---|
| 001 | 10278 | ||
| 005 | 20260306161820.0 | ||
| 008 | 260306t1968||||xx |||||||||||||| ||spa|| | ||
| 041 | _aESP | ||
| 082 |
_a914.3 _bD98 |
||
| 100 |
_aDurliat, Marcel _eAUT |
||
| 245 | 0 | _aLanguedoc méditerranéen et Roussillon | |
| 260 | _c1968 | ||
| 300 |
_a217 páginas : _c24 cm. |
||
| 650 | _aGEN | ||
| 654 | _aCHU | ||
| 942 |
_cLIB _dJUS _fJUS _2ddc _n |
||
| 999 |
_c10278 _d10278 |
||